Escudos Municipios Valencia - Estadísticas

Estadísticas generales
  • Esta prueba ha sido intentada 53 veces
  • La puntuación promedio es 62 de 266
Estadísticas de respuestas
Imagen Respuesta % Correcto
Ayora
89%
Albaida
78%
Algemesi
78%
Almassera
72%
Canet d'En Berenguer
72%
Valencia
67%
Teresa de Cofrentes
61%
Utiel
61%
Venta del Moro
61%
Albalat dels Sorells
56%
Alboraya
56%
Ademuz
50%
Albal
50%
Albalat de la Ribera
50%
Albalat dels Tarongers
50%
Aldaia
50%
Ador
44%
Agullent
44%
Alfafar
44%
Alfara de la Baronia
44%
Alfara del Patriarca
44%
Alginet
44%
Alzira
44%
Benetusser
44%
Chiva
44%
Alaquas
39%
Alberic
39%
Albuixech
39%
Algar de Palancia
39%
Almussafes
39%
Cullera
39%
La Font de la Figuera
39%
Paiporta
39%
Picanya
39%
Puçol
39%
Quart de Poblet
39%
Ròtova
39%
Sagunt
39%
Zarra
39%
Alborache
33%
Alcàntera de Xuquer
33%
Alcasser
33%
Alcublas
33%
Alfarb
33%
Alfarrasi
33%
Almisera
33%
Almoines
33%
Alpuente
33%
Antella
33%
Barx
33%
Buñol
33%
Carcaixent
33%
Cheste
33%
Chulilla
33%
Daimus
33%
Domeño
33%
La Font d'En Carròs
33%
L'Alcudia
33%
L'Alcudia de Crespins
33%
L'Eliana
33%
Manises
33%
Massalaves
33%
Massalfassar
33%
Massamagrell
33%
Massanassa
33%
Meliana
33%
Naquera
33%
Oliva
33%
Ontinyent
33%
Quart de les Valls
33%
Quartell
33%
Sueca
33%
Torrent
33%
Vallanca
33%
Vinalesa
33%
Aielo de Malferit
28%
Aielo de Rugat
28%
Algimia d'Alfara
28%
Andilla
28%
Anna
28%
Barxeta
28%
Belgida
28%
Castelló
28%
Corbera
28%
El Puig de Santa Maria
28%
Enguera
28%
Estivella
28%
Fuenterrobles
28%
Gandia
28%
Gatova
28%
Jalance
28%
Jarafuel
28%
L'Alqueria de la Comtessa
28%
Losa del Obispo
28%
Olocau
28%
Otos
28%
Palmera
28%
Paterna
28%
Potries
28%
Quatretonda
28%
Riola
28%
Sedaví
28%
Segart
28%
Silla
28%
Villar del Arzobispo
28%
Xativa
28%
Xeraco
28%
Xirivella
28%
Bellreguard
22%
Bellus
22%
Benageber
22%
Benaguasil
22%
Beneixida
22%
Castelló de Rugat
22%
Castellonet de la Conquesta
22%
Catarroja
22%
Chelva
22%
Chera
22%
Dos Aguas
22%
Emperador
22%
Fortaleny
22%
Gestalgar
22%
Godella
22%
Higueruelas
22%
La Llosa de Ranes
22%
La Pobla de Farnals
22%
La Pobla del Duc
22%
La Pobla Llarga
22%
Llanera de Ranes
22%
Llauri
22%
Lliria
22%
Loriguilla
22%
Moncada
22%
Montaverner
22%
Palma de Gandia
22%
Petres
22%
Pinet
22%
Quesa
22%
Rafelbunyol
22%
Rafelguaraf
22%
Requena
22%
Simat de la Valldigna
22%
Sollana
22%
Tavernes Blanques
22%
Tavernes de la Valldigna
22%
Torres Torres
22%
Vallada
22%
Xeresa
22%
Alfauir
17%
Aras de los Olmos
17%
Atzeneta d'Albaida
17%
Benavites
17%
Bugarra
17%
Casinos
17%
Castielfabib
17%
Catadau
17%
Cerdà
17%
Chella
17%
El Palomar
17%
El Real de Gandia
17%
Estubeny
17%
Faura
17%
Favara
17%
Foios
17%
Guadassequies
17%
Guadassuar
17%
Guardamar de la Safor
17%
La Pobla de Vallbona
17%
La Yesa
17%
L'Enova
17%
Llocnou de la Corona
17%
Llocnou d'En Fenollet
17%
Llocnou de Sant Jeroni
17%
Llombai
17%
Llutxent
17%
L'Olleria
17%
Macastre
17%
Manuel
17%
Montesa
17%
Montroi
17%
Puebla de San Miguel
17%
Rafelcofer
17%
Real
17%
San Antonio de Benagéber
17%
Serra
17%
Yátova
17%
Betera
11%
Bolbaite
11%
Camporrobles
11%
Canals
11%
Carlet
11%
Carricola
11%
El Genoves
11%
Gilet
11%
Godelleta
11%
La Granja de la Costera
11%
Marines
11%
Millares
11%
Mislata
11%
Moixent
11%
Montitxelvo
11%
Museros
11%
Navarres
11%
Novetle
11%
Picassent
11%
Piles
11%
Rocafort
11%
Sant Joanet
11%
Sempere
11%
Tous
11%
Tuejar
11%
Vallés
11%
Vilallonga
11%
Vilamarxant
11%
Villargordo del Cabriel
11%
Benfila
6%
Beniarjo
6%
Beniatjar
6%
Benicolet
6%
Benicull de Xuquer
6%
Benifaio
6%
Benifairo de la Valldigna
6%
Benifairo de les Valls
6%
Benigànim
6%
Benimodo
6%
Benimuslem
6%
Beniparell
6%
Benirredra
6%
Benissano
6%
Benissoda
6%
Benissuera
6%
Bicorp
6%
Bocairent
6%
Bonrepos i Mirambell
6%
Bufali
6%
Burjassot
6%
Calles
6%
Carcer
6%
Casas Altas
6%
Casas Bajas
6%
Caudete de las Fuentes
6%
Cofrentes
6%
Cortes de Pallas
6%
Cotes
6%
Fontanars dels Alforins
6%
Gavarda
6%
Miramar
6%
Monserrat
6%
Pedralba
6%
Polinyà de Xuquer
6%
Ráfol de Salem
6%
Riba-roja de Túria
6%
Rotglà i Corberà
6%
Rugat
6%
Salem
6%
Sellent
6%
Senyera
6%
Siete Aguas
6%
Sinarcas
6%
Sot de Chera
6%
Sumacàrcer
6%
Terrateig
6%
Titaguas
6%
Torrebaja
6%
Torrella
6%
Turis
6%
No se encontraron pruebas coincidentes
Distribución de puntuación
Porcentaje de gente con cada puntuación
Porcentaje por número respondido
Historial de tus puntuaciones
No has intentado esta prueba.